Normal view
MARC view
Entry Topical Term
001 - CONTROL NUMBER
- control field: 261429
003 - CONTROL NUMBER IDENTIFIER
- control field: OSt
005 - DATE AND TIME OF LATEST TRANSACTION
- control field: 20260410164337.0
008 - FIXED-LENGTH DATA ELEMENTS
- fixed length control field: 260410|| aca||aabn | a|a d
040 ## - CATALOGING SOURCE
- Original cataloging agency: OSt
- Transcribing agency: OSt
150 ## - HEADING--TOPICAL TERM
- Topical term or geographic name entry element: Mathematics of Harmonics
670 ## - SOURCE DATA FOUND
- Source citation: Work cat.: (OSt)241225: Enrique Acha 261428, Power systems harmonics, 2001